00554naa a2200169 a 450000100080000000500110000800800410001910000310006024500920009126000090018330000120019250000120020465000130021670000280022970000180025777301090027519546852023-11-17 1978 bl uuuu u00u1 u #d1 aNASCIMENTO, M. P. S. C. B. aCarboidratos totais não estruturais em capim-gordura, capim-colonião e capim-jaragua. c1978 ap. 299. aResumo. aPastagem1 aNASCIMENTO, H. T. S. do1 aGOMIDE, J. A. tIn: REUNIAO DA SOCIEDADE BRASILEIRA DE ZOOTECNIA, 15., 1978, Belém, PA. Anais... Belém, PA: SBZ, 1978.